| 000 | 00559nam a22002057a 4500 | ||
|---|---|---|---|
| 003 | OSt | ||
| 005 | 20140310182844.0 | ||
| 008 | 130611t xxu||||| |||| 00| 0 eng d | ||
| 020 | _a034019989 | ||
| 050 |
_aBF 789 _b.W337 1976 |
||
| 082 |
_aM 616 _bW33 1976 |
||
| 245 |
_aThe Romeo error : _ba matter of life and death / _cWatson, Lyall |
||
| 260 |
_aGreat Britain _bGarden City, N.Y., Anchor Press, _c1976 |
||
| 300 |
_a254 p.: _c18 cm. |
||
| 521 | _aCollege Library | ||
| 526 | _c1210L-1700L | ||
| 541 | _j1 | ||
| 562 | _e1 | ||
| 942 |
_2lcc _cBK _kM |
||
| 999 |
_c16903 _d16903 |
||